| 000 | 00559nam a2200229Ia 4500 | ||
|---|---|---|---|
| 003 | OSt | ||
| 005 | 20220918191816.0 | ||
| 006 | a|||||r|||| 00| 0 | ||
| 007 | ta | ||
| 008 | 220917b |||||||| |||| 00| 0 eng d | ||
| 024 | _a65,132 | ||
| 037 | _cTextual | ||
| 040 |
_aARTS _cARTS _beng |
||
| 041 |
_2eng _aeng |
||
| 082 | _aR14, J5 | ||
| 100 |
_aSkolem Th _977249 |
||
| 245 | 0 | _aMathematical interpretation of formal systems | |
| 260 | _c1955 | ||
| 650 | _aPHILOSOPHY | ||
| 942 |
_hR14, J5 _cTEXL _2CC |
||
| 999 |
_c191469 _d191469 |
||